| 000 | 00000nam##2200000za#4500 |
| 001 | 9.679726 |
| 003 | CaOODSP |
| 005 | 20200328193158 |
| 007 | ta |
| 008 | 150407|1996||||xxc||||| f|0| 0 fre|d |
| 040 | |aCaOODSP|bfre |
| 043 | |an-cn--- |
| 086 | 1 |aH39-358/1996F |
| 110 | 1 |aCanada.|bSanté Canada. |bDirection générale des services et de la promotion de la santé. |
| 245 | 10|aAttitudes des parents vis-à-vis les blessures infantiles non intentionnelles / |cPréparé par SAGE Research Corporation. (pour l'Unité de la santé de la famille et de l'enfance, Santé Canada) |
| 260 | |aOttawa - Ontario : |bSanté Canada. |c1996. |
| 300 | |a62p. : |bréférences ; |c28 cm. |
| 500 | |a«La prévention des blessures infantiles est l'un des principaux champs d'action de l'Initiative pour le développement de l'enfant qui vise à réduire les conditions de risque auxquelles font face les enfants canadiens en bas âge. La présente étude est l'un des nombreux projets réalisés dans le cadre de cette Initiative. Si la prévention des blessures constitue une priorité en matière de santé, on sait bien peu de choses des connaissances et attitudes parentales en ce qui a trait à la prévention des blessures chez leurs enfants. La présente étude vient combler cette lacune et les renseignements qu'elle contient aideront à élaborer des programmes et des politiques efficaces en matière de prévention.»--Préface. |
| 520 | 3 |aLa prévention des blessures infantiles est l'un des principaux champs d'action de l'Initiative pour le développement de l'enfant qui vise à réduire les conditions de risque auxquelles font face les enfants canadiens en bas âge. La présente étude est l'un des nombreux projets réalisés dans le cadre de cette Initiative. Si la prévention des blessures constitue une priorité en matière de santé, on sait bien peu de choses des connaissances et attitudes parentales en ce qui a trait à la prévention des blessures chez leurs enfants. La présente étude vient combler cette lacune et les renseignements qu'elle contient aideront à élaborer des programmes et des politiques efficaces en matière de prévention.--Préface |
| 563 | |aReliure à anneaux |
| 590 | |a98-32|b1998-08-07 |
| 691 | 07|aSécurité de l'enfant|2gcpds |
| 775 | 08|tParental attitudes toward unintentional childhood injuries / |w(CaOODSP)9.646145 |
| 776 | 0#|tAttitudes des parents vis-à-vis les blessures infantiles non intentionnelles / |w(CaOODSP)9.640477 |
| 020 | |a0-662-80942-4 |